Mito y realidad /

Guardado en:
Detalles Bibliográficos
Autor principal: Eliade, Mircea (autor)
Otros autores: Gil, Luis (traducción) (traducción)
Formato: Libro
Idioma:Español
Publicado: Barcelona, España : Labor, 1985, c1968
Edición:6a edición
Colección:(Punto Omega ; 25)
Temas:
Etiquetas: Agrega una etiqueta
Sin etiquetas, Sé el primero en etiquetar este registro!

MARC

LEADER 00000nam^a2200000^a^4500
001 000622402
005 20251009000000.0
009 20260526154357.868
020 |a 84-335-0025-2 
025 |a Donación sin dato, 1 ejemplar 
037 |a Acervo ITESO - Biblioteca 
041 |a ESP 
082 |a 291. 13  |b ELI 
100 |a Eliade, Mircea  |e (autor) 
240 1 1 |a [Mito y realidad] 
245 1 0 |a Mito y realidad /  |c M. Eliade ; tr. por L. Gil. 
250 |a 6a edición 
264 4 |a Barcelona, España :  |b Labor,  |c 1985, c1968 
300 |a 228 p. 
336 |a texto  |b txt  |2 rdacontenido 
337 |a sin mediación  |b n  |2 rdamedio 
338 |a volumen  |b nc  |2 rdasoporte 
440 1 |a (Punto Omega ;  |v 25) 
500 |a Traducción de: Aspects du mythe 
649 |a XX 
650 |a Mitología -  |x Tema Principal 
650 |a Mitología -  |x Historia y Crítica 
650 |a Pensamiento Mágico 
650 |a Cosmogonía 
650 |a Escatología (Filosofía) 
650 |a Tiempo -  |x Filosofía 
650 |a Ontología 
650 |a Cuentos Fantásticos -  |x Historia y Crítica 
650 |a Literatura Popular -  |x Historia y Crítica 
650 |a Semiótica y Literatura 
650 |a Semiótica y Sociedad 
650 |a Cristianismo 
650 |a Filosofías Orientales 
650 |a Filosofía y Religión 
650 |a Religión 
700 |a Gil, Luis  |e (traducción) 
910 |a Fondo General 
920 |a Impresos - Libros 
930 |a Colección General 
905 |a 101 
901 |a 622402-10  |b IT1  |c ACC  |i D  |u 20251009 
902 |a https://opac.biblio.iteso.mx/vufind/Record/000622402